期刊信息 |
| 索取号 |
B84/JOEP
|
| 题名 |
JOURNAL OF EDUCATIONAL PSYCHOLOGY
|
| 作者 |
|
| 分册号 |
|
| 分册名 |
|
| 出版地 |
NEW YORK
|
| 出版者 |
AMERICAN PSYCHOLOGICAL ASSOCIATION,INC.
|
| 标准刊号 |
|
| 出版频率 |
季刊
|
| 中图法分类 |
B84
|
| 主题词 |
心理学
|
| 电子资源 | |
| |
|
| 000 | 00401nas0 2200157 45 | |
| 001 | 0751712436 | |
| 005 | 20070416142342.59 | |
| 100 | @a20070416d km y0chiy0120 ea | |
| 101 | 0 | @aeng |
| 200 | 1 | @aJOURNAL OF EDUCATIONAL PSYCHOLOGY |
| 210 | @aNEW YORK@cAMERICAN PSYCHOLOGICAL ASSOCIATION,INC. | |
| 326 | @a季刊 | |
| 606 | 0 | @a心理学 |
| 690 | @aB84@v4 | |
| 801 | 0 | @aCN@bPFT@c20070416 |
| 905 | @aTJWY@dB84@eJOEP | |
| JOURNAL OF EDUCATIONAL PSYCHOLOGY.-NEW YORK:AMERICAN PSYCHOLOGICAL ASSOCIATION,INC. |
| ● |
| 相关链接: |
|
|
|
|